La sociedad del Bajo Imperio en la obra de Salviano de Marsella (Record no. 16423)

MARC details
000 -LEADER
campo de control de longitud fija 01023nam a2200241 i 4500
001 - NÚMERO DE CONTROL
campo de control 16423
003 - IDENTIFICADOR DE NÚMERO DE CONTROL
campo de control ES-MaACL
005 - FECHA Y HORA DE LA ÚLTIMA TRANSACCIÓN
campo de control 20250921063022.0
007 - CAMPO FIJO DE DESCRIPCIÓN FÍSICA--INFORMACIÓN GENERAL
campo de control de longitud fija t|
008 - DATOS DE LONGITUD FIJA--INFORMACIÓN GENERAL
campo de control de longitud fija 000918s1990 sp ||||1| spa d
080 ## - NÚMERO DE LA CLASIFICACIÓN DECIMAL UNIVERSAL
Número de la Clasificación Decimal Universal 871 Salviano de Marsella. De Gubernatione Dei 2.06
080 ## - NÚMERO DE LA CLASIFICACIÓN DECIMAL UNIVERSAL
Número de la Clasificación Decimal Universal 937"03"
100 1# - ENTRADA PRINCIPAL--NOMBRE DE PERSONA
Nombre de persona Blázquez, José María,
Fechas asociadas al nombre 1926-
9 (RLIN) 141915
245 13 - MENCIÓN DEL TÍTULO
Título La sociedad del Bajo Imperio en la obra de Salviano de Marsella
Resto del título : discurso leído el día 14 de enero de 1990 en el acto de su recepción pública /
Mención de responsabilidad, etc. por... D. José María Blázquez Martínez y contestado por... D. Antonio Blanco Freijeiro.
260 ## - PUBLICACIÓN, DISTRIBUCIÓN, ETC.
Lugar de publicación, distribución, etc. Madrid :
Nombre del editor, distribuidor, etc. Real Academia de la Historia,
Fecha de publicación, distribución, etc. 1990.
300 ## - DESCRIPCIÓN FÍSICA
Extensión 87 p. ;
Dimensiones 24 cm.
600 14 - PUNTO DE ACCESO ADICIONAL DE MATERIA--NOMBRE DE PERSONA
Nombre de persona Salviano (
Fechas asociadas al nombre ca. 390-ca. 484).
Título de la obra De gubernatione Dei.
9 (RLIN) 172283
651 #4 - PUNTO DE ACCESO ADICIONAL DE MATERIA--NOMBRE GEOGRÁFICO
Nombre geográfico Roma-
Subdivisión general Historia-
Subdivisión cronológica 284-476, Bajo Imperio.
9 (RLIN) 161132
700 1# - ENTRADA AGREGADA--NOMBRE PERSONAL
Nombre de persona Blanco Freijeiro, Antonio.
9 (RLIN) 29252
710 2# - ENTRADA AGREGADA--NOMBRE DE ENTIDAD CORPORATIVA
Nombre de entidad corporativa o nombre de jurisdicción como elemento de entrada Real Academia de la Historia (España)
9 (RLIN) 6309
852 ## - LOCALIZACIÓN
Ubicación ES-MaACL
Número de control de estantería G-2155
Holdings
Estatus retirado Estado de pérdida Estado de daño No para préstamo Biblioteca de origen Biblioteca actual Ubicación en estantería Fecha de adquisición Fuente de adquisición Total de préstamos Signatura topográfica completa Código de barras Visto por última vez Precio de reemplazo Tipo de ítem Koha
        Biblioteca del Ateneo de Madrid Biblioteca del Ateneo de Madrid Depósito 2 17/01/2008     G-2155 1016685 23/02/2023 23/02/2023 Libro impreso